| 000 | 01631nam a22003375i 4500 | ||
|---|---|---|---|
| 999 |
_c27631 _d27602 |
||
| 003 | EG-ScBUE | ||
| 005 | 20190919115948.0 | ||
| 008 | 190919s2013 cc f d 001 0 chi d | ||
| 020 | _a9787561935071 | ||
| 040 |
_aEG-ScBUE _beng _erda _cEG-ScBUE _dEG-ScBUE |
||
| 041 | 0 |
_achi _aeng |
|
| 082 | 0 | 4 |
_a495.182403 _bDIC _222 |
| 245 | 0 | 0 |
_a新HSK5000词分级词典 = _bA dictionary of 5000 graded words for new HSK : levels 1, 2 & 3 / _ccompiler, Li Luxing. |
| 246 | 3 | 1 |
_aA dictionary of 5000 graded words for new HSK : _b levels 1, 2 & 3 |
| 250 | _aFirst edition. | ||
| 264 | 1 |
_aBeijing : _bBeijing Language and Culture University Press, _c2013. |
|
| 300 |
_avolume 1 (396 pages) ; _c22 cm. |
||
| 336 |
_atext _btxt _2rdacontent |
||
| 337 |
_aunmediated _bn _2rdamedia |
||
| 338 |
_avolume _bnc _2rdacarrier |
||
| 490 | 0 |
_a外国人汉语参考系列 = _aChinese reference series for foreigners |
|
| 500 | _aIncludes index. | ||
| 520 | _aA Dictionary of 5000 Graded Words for New HSK(Levels 1,2&3) has Chinese pinyin and English translation for each example sentence, which is convenient for beginners to learn, imitate and memorize. In the book, every entry has 3-8 example sentences. From rich examples, the words explained appear repetitively, more helpful for learners to understand, learn and master. | ||
| 546 | _aText in Chinese and English. | ||
| 650 | 7 |
_aChinese language _xStudy and teaching _xForeign speakers. _vDictionaries. _2BUEsh |
|
| 650 | 7 |
_aChinese language _vDictionaries. _2BUEsh |
|
| 653 |
_bHHUUCCHH _cSeptember2019 |
||
| 655 | _vReading book | ||
| 700 | 1 |
_aLi, Luxing, _ecompiler. |
|
| 942 |
_2ddc _cREFERENCE |
||